25 Największych miast Imperium Niemieckiego - Statystyki

Ogólne statystyki
  • Ten quiz został rozwiązany 30 razy
  • Średni wynik to 20 z 25
Odpowiedzi na mapie
Odpowiedzi zakodowano w zielono-czerwonej skali na mapie do tego quizu, zgodnie z poniższymi procentami.
 
Statystyki odpowiedzi
Państwo Miasto Populacja % Poprawnych
Niemcy Berlin 3,7 mln
100%
Niemcy Drezno 560k
100%
Niemcy Hamburg 1,9 mln
100%
Niemcy Monachium 1,5 mln
100%
Polska Bydgoszcz 320k
96%
Niemcy Frankfurt 750k
96%
Polska Gdańsk 490k
96%
Polska Poznań 540k
96%
Polska Szczecin 390k
96%
Polska Wrocław 670k
96%
Niemcy Kolonia 1 mln
92%
Niemcy Lipsk 610k
92%
Niemcy Brema 590k
88%
Niemcy Dortmund 600k
88%
Rosja Królewiec 490k
84%
Niemcy Stuttgart 610k
84%
Niemcy Essen 575k
76%
Niemcy Dusseldorf 620k
72%
Niemcy Norymberga 530k
72%
Niemcy Hanower 520k
68%
Niemcy Bonn 320k
60%
Niemcy Bielefeld 330k
44%
Niemcy Bochum 360k
40%
Niemcy Duisburg 500k
40%
Niemcy Wuppertal 360k
40%
Nie znaleziono quizów pasujących do podanych kryteriów
Rozkład punktacji
Procent ludzi z każdym wynikiem
Percentyl według liczby udzielonych odpowiedzi
Twoja historia wyników
Nie rozwiązałeś tego quizu